|
|
|
|
| LEADER |
00000nam0a2200000 4500 |
| 001 |
130028 |
| 005 |
20231101220221.0 |
| 020 |
|
|
|a RU
|b 87-14165
|
| 035 |
|
|
|a (RuTPU)RU\TPU\book\140809
|
| 090 |
|
|
|a 130028
|
| 100 |
|
|
|a 20080130d1986 k y0rusy5003 ca
|
| 101 |
0 |
|
|a rus
|
| 102 |
|
|
|a RU
|
| 105 |
|
|
|a a z 001zy
|
| 200 |
1 |
|
|a Исследования в области создания и применения горного оборудования
|e сборник научных трудов
|f Государственный проектный и научно-исследовательский институт никель-кобальтовой промышленности (Гипроникель) ; гл. ред. Н. Г. Вергус
|
| 210 |
|
|
|a Ленинград
|c Гипроникель
|d 1986
|
| 215 |
|
|
|a 115 с.
|c ил.
|d 22 см
|
| 320 |
|
|
|a Библиогр. в конце статей
|
| 610 |
1 |
|
|a горное машиностроение
|
| 610 |
1 |
|
|a горное оборудование
|
| 610 |
1 |
|
|a создание
|
| 610 |
1 |
|
|a применение
|
| 610 |
1 |
|
|a рудодобыча
|
| 610 |
1 |
|
|a открытый способ
|
| 610 |
1 |
|
|a подземный способ
|
| 610 |
1 |
|
|a прогрессивные технологии
|
| 610 |
1 |
|
|a бурильные машины
|
| 610 |
1 |
|
|a гидроприводы
|
| 610 |
1 |
|
|a шарошечные долота
|
| 610 |
1 |
|
|a стреловые комбайны
|
| 610 |
1 |
|
|a конвейерные ленты
|
| 610 |
1 |
|
|a самоходные машины
|
| 675 |
|
|
|a 622.002.5
|z rus
|v 3
|
| 702 |
|
1 |
|a Вергус
|b Н. Г.
|4 651
|
| 712 |
0 |
2 |
|a Государственный проектный и научно-исследовательский институт никель-кобальтовой промышленности (Гипроникель)
|2 stltpush
|3 (RuTPU)RU\TPU\col\13629
|9 25734
|
| 801 |
|
0 |
|a RU
|b RuMRKP
|c 19960705
|g psbo
|
| 801 |
|
1 |
|a RU
|b 63413507
|c 20080130
|g PSBO
|
| 801 |
|
2 |
|a RU
|b 63413507
|c 20081201
|g PSBO
|
| 942 |
|
|
|c BK
|